[Event "Titled Tuesday intern op 12th Dec Early"]
[Site "Chess.com INT"]
[Date "2023.12.12"]
[Round "11"]
[White "Balla, Tamas Kristof"]
[Black "Shinkarev, M."]
[Result "0-1"]
[WhiteElo "2277"]
[BlackElo "2121"]
[PlyCount "54"]
[EventDate "2023.12.12"]
[EventType "swiss (blitz)"]
[EventRounds "11"]
[EventCountry "USA"]
[SourceTitle "CB51_2023"]
[SourceDate "2023.12.20"]
[SourceVersion "1"]
[SourceVersionDate "2023.12.20"]
[SourceQuality "1"]

1. e4 e5 2. Nf3 d6 3. d4 Nd7 4. Nc3 c6 5. a4 Be7 6. Bc4 Ngf6 7. 0-0 0-0 8. b3 Nxe4 9. Nxe4 d5 10. Nxe5 Nxe5 11. dxe5 dxc4 12. Nd6 cxb3 13. cxb3 Be6 14. Bb2 Qb6 15. Nc4 Bxc4 16. bxc4 Qxb2 17. Rb1 Qxe5 18. Re1 Qf6 19. Rxb7 Bc5 20. Qc2 Rae8 21. Rd1 Re7 22. Rb3 Rfe8 23. h3 g6 24. Rf3 Re1+ 25. Rxe1 Rxe1+ 26. Kh2 Qd6+ 27. g3 Qd1 0-1

[Event "Titled Tuesday intern op 12th Dec Early"]
[Site "Chess.com INT"]
[Date "2023.12.12"]
[Round "9"]
[White "Shinkarev, M."]
[Black "Filippova, Margarita"]
[Result "0-1"]
[WhiteElo "2121"]
[BlackElo "2026"]
[PlyCount "98"]
[EventDate "2023.12.12"]
[EventType "swiss (blitz)"]
[EventRounds "11"]
[EventCountry "USA"]
[SourceTitle "CB51_2023"]
[SourceDate "2023.12.20"]
[SourceVersion "1"]
[SourceVersionDate "2023.12.20"]
[SourceQuality "1"]

1. c4 Nf6 2. g3 e6 3. Bg2 d5 4. cxd5 exd5 5. d4 Bd6 6. Nf3 0-0 7. Ne5 c6 8. 0-0 Re8 9. f4 b6 10. Nc3 Bb7 11. h3 Nbd7 12. e3 a6 13. Kh2 Qe7 14. e4 dxe4 15. Nxe4 Nxe4 16. Bxe4 Rad8 17. Bg2 Nxe5 18. dxe5 Bxe5 19. Qb3 Bd4 20. f5 c5 21. Bxb7 Qxb7 22. Qc2 f6 23. Bf4 Qe4 24. Qxe4 Rxe4 25. Bc7 Rde8 26. h4 Re2+ 27. Kh3 Rxb2 28. h5 h6 29. a4 Ree2 30. Rab1 b5 31. Rxb2 Bxb2 32. Rd1 bxa4 33. Rd8+ Kh7 34. Ra8 Be5 35. Bb6 Re3 36. Bxc5 Rxg3+ 37. Kh4 Rc3 38. Bf8 Rc4+ 39. Kh3 Rc3+ 40. Kh4 Rc4+ 41. Kh3 Bd4 42. Rxa6 Kg8 43. Bd6 Be5 44. Ra8+ Kh7 45. Bf8 Rc3+ 46. Kh4 Rf3 47. Ra7 Rg3 48. Rxa4 Rg5 49. Rg4 Kg8 0-1

[Event "Titled Tuesday intern op 12th Dec Early"]
[Site "Chess.com INT"]
[Date "2023.12.12"]
[Round "1"]
[White "Shinkarev, M."]
[Black "Harsha, Bharathakoti"]
[Result "0-1"]
[WhiteElo "2121"]
[BlackElo "2570"]
[PlyCount "84"]
[EventDate "2023.12.12"]
[EventType "swiss (blitz)"]
[EventRounds "11"]
[EventCountry "USA"]
[SourceTitle "CB51_2023"]
[SourceDate "2023.12.20"]
[SourceVersion "1"]
[SourceVersionDate "2023.12.20"]
[SourceQuality "1"]

1. c4 f5 2. g3 Nf6 3. Bg2 g6 4. d4 Bg7 5. Nc3 0-0 6. h4 d6 7. d5 Na6 8. Nh3 Bd7 9. 0-0 Nc5 10. Nf4 c6 11. Be3 Rc8 12. Bxc5 dxc5 13. Ne6 Bxe6 14. dxe6 Ng4 15. Qb3 Qc7 16. Rad1 Rcd8 17. Qa3 f4 18. Bh3 Rxd1 19. Nxd1 Nf6 20. g4 Qe5 21. g5 Ne4 22. Nc3 Nxc3 23. bxc3 Qxe2 24. Qxc5 Qh5 25. f3 Qxh4 26. Bg2 Bxc3 27. Rd1 Re8 28. Qxa7 Bd2 29. Rxd2 Qe1+ 30. Kh2 Qxd2 31. Qxb7 Qd6 32. Bh3 Qc5 33. Qc7 Ra8 34. Qxf4 Qd6 35. Qxd6 exd6 36. e7 Kf7 37. Bd7 Kxe7 38. Bxc6 Rxa2+ 39. Kg3 Rd2 40. Bd5 Rd4 41. Bg8 Kf8 42. f4 Kxg8 0-1

[Event "Titled Tuesday intern op 14th Nov Early"]
[Site "Chess.com INT"]
[Date "2023.11.14"]
[Round "3"]
[White "Ovetchkin, Roman"]
[Black "Shinkarev, M."]
[Result "1-0"]
[WhiteElo "2518"]
[BlackElo "2121"]
[PlyCount "95"]
[EventDate "2023.11.14"]
[EventType "swiss (blitz)"]
[EventRounds "11"]
[EventCountry "USA"]
[SourceTitle "CB47_2023"]
[SourceDate "2023.11.22"]
[SourceVersion "1"]
[SourceVersionDate "2023.11.22"]
[SourceQuality "1"]

1. d4 Nf6 2. c4 e6 3. g3 Bb4+ 4. Bd2 a5 5. Bg2 0-0 6. e3 d5 7. Qc2 dxc4 8. Qxc4 Nbd7 9. Nc3 Nb6 10. Qe2 c5 11. dxc5 Bxc5 12. Nf3 Qe7 13. 0-0 Bd7 14. Ne5 Nbd5 15. Nxd7 Qxd7 16. Rfd1 Nxc3 17. Bxc3 Qe7 18. a3 Rad8 19. Bxa5 b6 20. Be1 Qa7 21. Rxd8 Rxd8 22. Rd1 Re8 23. Qb5 Qc7 24. Qc6 Qxc6 25. Bxc6 Rc8 26. Bb7 Rc7 27. Bf3 h5 28. Bc3 Be7 29. h3 b5 30. Kf1 g5 31. g4 hxg4 32. hxg4 Nd7 33. Be2 Rb7 34. Bxb5 Nf6 35. Bc6 Rc7 36. Bf3 Ne8 37. a4 Nd6 38. Be5 Rd7 39. a5 f6 40. Bxd6 Rxd6 41. Rxd6 Bxd6 42. Ke2 Kf8 43. Kd3 Bb4 44. a6 Bc5 45. Kc4 Ba7 46. Kb5 Ke7 47. Kc6 Kd8 48. Kb7 1-0

[Event "Titled Tuesday intern op 14th Nov Early"]
[Site "Chess.com INT"]
[Date "2023.11.14"]
[Round "11"]
[White "Rogov, Matfey"]
[Black "Shinkarev, M."]
[Result "0-1"]
[WhiteElo "2213"]
[BlackElo "2121"]
[PlyCount "60"]
[EventDate "2023.11.14"]
[EventType "swiss (blitz)"]
[EventRounds "11"]
[EventCountry "USA"]
[SourceTitle "CB47_2023"]
[SourceDate "2023.11.22"]
[SourceVersion "1"]
[SourceVersionDate "2023.11.22"]
[SourceQuality "1"]

1. e4 e5 2. Nf3 d6 3. Nc3 Nd7 4. d4 c6 5. Bc4 Be7 6. a4 Ngf6 7. 0-0 0-0 8. Re1 h6 9. h3 b6 10. b3 Bb7 11. Bb2 Qc7 12. d5 cxd5 13. Nb5 Qb8 14. Bxd5 Nxd5 15. exd5 a6 16. Na3 f5 17. c4 Bf6 18. Nc2 Nc5 19. Nb4 Qc7 20. Qc2 a5 21. Na2 Bc8 22. b4 axb4 23. Nxb4 Bd7 24. Nc6 Bxc6 25. dxc6 Qxc6 26. Rad1 Ne4 27. Nd2 Nxd2 28. Rxd2 e4 29. Bxf6 Rxf6 30. Red1 Rxa4 0-1

[Event "Malakhatko Memorial op"]
[Site "Chess.com INT"]
[Date "2023.06.14"]
[Round "3"]
[White "Karpa, Vitaly"]
[Black "Shinkarev, M."]
[Result "0-1"]
[WhiteElo "1937"]
[BlackElo "2142"]
[PlyCount "58"]
[EventDate "2023.06.14"]
[EventType "swiss (blitz)"]
[EventRounds "11"]
[EventCountry "USA"]
[SourceTitle "CBM 214 Extra"]
[Source "ChessBase"]
[SourceDate "2023.07.31"]
[SourceVersion "1"]
[SourceVersionDate "2023.07.31"]
[SourceQuality "1"]

1. Nf3 d5 2. d4 g6 3. c4 c6 4. Nc3 Bg7 5. Bf4 Nf6 6. e3 0-0 7. h3 Ne4 8. Qb3 Nxc3 9. bxc3 dxc4 10. Bxc4 b5 11. Be2 Be6 12. Qb2 h6 13. 0-0 Nd7 14. a4 a6 15. Rfc1 Nb6 16. axb5 cxb5 17. Ne5 Bxe5 18. Bxe5 Bc4 19. Bf3 Bd5 20. Be2 Qd7 21. Qb4 Rfc8 22. Bg4 Be6 23. Bf3 Nd5 24. Qb2 Ra7 25. c4 bxc4 26. Bxd5 Bxd5 27. Qb6 f6 28. Bg3 Qb7 29. Qa5 Bxg2 0-1

[Event "Malakhatko Memorial op"]
[Site "Chess.com INT"]
[Date "2023.06.14"]
[Round "7"]
[White "Shinkarev, M."]
[Black "Demchenko, Yaroslav"]
[Result "1-0"]
[WhiteElo "2142"]
[BlackElo "1821"]
[PlyCount "81"]
[EventDate "2023.06.14"]
[EventType "swiss (blitz)"]
[EventRounds "11"]
[EventCountry "USA"]
[SourceTitle "CBM 214 Extra"]
[Source "ChessBase"]
[SourceDate "2023.07.31"]
[SourceVersion "1"]
[SourceVersionDate "2023.07.31"]
[SourceQuality "1"]

1. c4 c5 2. e3 e5 3. Nc3 Nc6 4. g3 g6 5. Bg2 Bg7 6. Nge2 Nge7 7. a3 0-0 8. Rb1 a5 9. b3 d6 10. Bb2 Be6 11. Nd5 Rb8 12. d4 b5 13. Nxe7+ Nxe7 14. d5 Bf5 15. e4 Bg4 16. f3 Bd7 17. 0-0 b4 18. a4 f5 19. f4 fxe4 20. fxe5 Bxe5 21. Bxe5 dxe5 22. Rxf8+ Qxf8 23. d6 Nf5 24. Qd5+ Qf7 25. Qxc5 Qe6 26. Rd1 Rc8 27. Qxa5 Ne3 28. Re1 Nxg2 29. Kxg2 e3 30. Kg1 Bc6 31. Qb6 Qf6 32. Qxe3 Qxd6 33. Nc1 e4 34. Ne2 Rf8 35. Nf4 Rd8 36. c5 Qd2 37. Qxd2 Rxd2 38. a5 Ra2 39. Ne6 Rxa5 40. Rc1 Ra3 41. Nd4 1-0

[Event "Malakhatko Memorial op"]
[Site "Chess.com INT"]
[Date "2023.06.14"]
[Round "4"]
[White "Shinkarev, M."]
[Black "Shevchuk, Dmytro"]
[Result "1-0"]
[WhiteElo "2142"]
[BlackElo "1856"]
[PlyCount "77"]
[EventDate "2023.06.14"]
[EventType "swiss (blitz)"]
[EventRounds "11"]
[EventCountry "USA"]
[SourceTitle "CBM 214 Extra"]
[Source "ChessBase"]
[SourceDate "2023.07.31"]
[SourceVersion "1"]
[SourceVersionDate "2023.07.31"]
[SourceQuality "1"]

1. c4 f6 2. d4 e5 3. Nf3 e4 4. Nfd2 f5 5. f3 Nf6 6. Nc3 e3 7. Nb3 f4 8. Qd3 d5 9. cxd5 Bd6 10. g3 Qe7 11. Ne4 Nxe4 12. Qxe4 Qxe4 13. fxe4 Bb4+ 14. Kd1 0-0 15. gxf4 Rxf4 16. Bxe3 Rxe4 17. Bd2 Na6 18. a3 Bxd2 19. Kxd2 Bg4 20. e3 Rae8 21. Re1 Rf8 22. Rg1 Rf2+ 23. Kc3 Bf5 24. Rg2 Rxg2 25. Bxg2 Rh4 26. h3 g5 27. e4 Bxh3 28. Bxh3 Rxh3+ 29. Kc4 g4 30. e5 Kf8 31. e6 g3 32. Nd2 h5 33. Ne4 h4 34. Rf1+ Ke8 35. Nf6+ Ke7 36. Ng8+ Ke8 37. e7 Kd7 38. Rf8 Kd6 39. Rd8# 1-0

[Event "Malakhatko Memorial op"]
[Site "Chess.com INT"]
[Date "2023.06.14"]
[Round "6"]
[White "Vlassov, Nikolai"]
[Black "Shinkarev, M."]
[Result "1-0"]
[WhiteElo "2283"]
[BlackElo "2142"]
[PlyCount "125"]
[EventDate "2023.06.14"]
[EventType "swiss (blitz)"]
[EventRounds "11"]
[EventCountry "USA"]
[SourceTitle "CBM 214 Extra"]
[Source "ChessBase"]
[SourceDate "2023.07.31"]
[SourceVersion "1"]
[SourceVersionDate "2023.07.31"]
[SourceQuality "1"]

1. e4 e5 2. Bc4 Nf6 3. d3 Nc6 4. Nf3 Be7 5. 0-0 0-0 6. Re1 h6 7. d4 Nxd4 8. Nxd4 exd4 9. e5 Nh7 10. Qxd4 d6 11. Nc3 dxe5 12. Qxe5 Bf6 13. Qg3 Bh4 14. Qf3 Bg5 15. Ne4 Bxc1 16. Raxc1 Qd4 17. Qb3 Nf6 18. Rcd1 Qxe4 19. Rxe4 Nxe4 20. Bxf7+ Kh8 21. Bg6 Nd6 22. c4 Bf5 23. Bxf5 Rxf5 24. f3 Raf8 25. Re1 b6 26. Qc3 a5 27. Re7 R8f7 28. Rxf7 Rxf7 29. c5 Nf5 30. cxb6 cxb6 31. Qc6 Rf6 32. Qa8+ Kh7 33. Qe4 Kg8 34. h4 Nd6 35. Qd5+ Nf7 36. g4 Rd6 37. Qa8+ Rd8 38. Qc6 Rd6 39. Qc8+ Rd8 40. Qc2 Rd6 41. Kf2 Rf6 42. Kg3 g5 43. hxg5 hxg5 44. Qe4 Kg7 45. Qd4 Kg6 46. a3 Kg7 47. b4 axb4 48. axb4 Kg6 49. Kf2 Rd6 50. Qe4+ Kf6 51. f4 gxf4 52. Qxf4+ Kg7 53. Kg3 Rg6 54. Qd4+ Kg8 55. Kf4 Rd6 56. Qc3 Rg6 57. Kf5 Rd6 58. Qc4 Kg7 59. g5 Kf8 60. b5 Ke7 61. Qc7+ Kf8 62. g6 Rd5+ 63. Ke6 1-0

[Event "Petah Tikva Autumn 2"]
[Site "Petah Tikva"]
[Date "2019.11.20"]
[Round "9"]
[White "Shinkarev, M."]
[Black "Nedobora, Mikhail"]
[Result "1/2-1/2"]
[WhiteElo "2327"]
[BlackElo "2362"]
[PlyCount "40"]
[EventDate "2019.10.23"]
[EventType "tourn"]
[EventRounds "9"]
[EventCountry "ISR"]
[EventCategory "2"]
[SourceTitle "CBM 193 Extra"]
[Source "ChessBase"]
[SourceDate "2020.01.31"]
[SourceVersion "1"]
[SourceVersionDate "2020.01.31"]
[SourceQuality "1"]

1. c4 g6 2. g3 c5 3. Bg2 Bg7 4. Nc3 d6 5. d3 Nc6 6. e3 e6 7. Nge2 Nge7 8. 0-0 0-0 9. a3 a6 10. Rb1 Rb8 11. b4 cxb4 12. axb4 b5 13. cxb5 axb5 14. d4 Qb6 15. Nf4 Nf5 16. Qb3 d5 17. Nd3 Nd6 18. Nc5 Nc4 19. Ra1 Rd8 20. Ne2 Bb7 1/2-1/2

[Event "Petah Tikva Autumn 2"]
[Site "Petah Tikva"]
[Date "2019.11.13"]
[Round "7"]
[White "Shinkarev, M."]
[Black "Tzidkiya, Yeshaayahu"]
[Result "1/2-1/2"]
[WhiteElo "2327"]
[BlackElo "2328"]
[PlyCount "47"]
[EventDate "2019.10.23"]
[EventType "tourn"]
[EventRounds "9"]
[EventCountry "ISR"]
[EventCategory "2"]
[SourceTitle "CBM 193 Extra"]
[Source "ChessBase"]
[SourceDate "2020.01.31"]
[SourceVersion "1"]
[SourceVersionDate "2020.01.31"]
[SourceQuality "1"]

1. c4 Nf6 2. Nc3 g6 3. g3 Bg7 4. Bg2 0-0 5. e4 d6 6. Nge2 e5 7. 0-0 Nc6 8. d3 Nd7 9. f4 f5 10. Be3 Nc5 11. exf5 Bxf5 12. d4 exd4 13. Nxd4 Nxd4 14. Bxd4 Bxd4+ 15. Qxd4 Qf6 16. Qxf6 Rxf6 17. b4 Ne6 18. Rad1 a5 19. a3 axb4 20. axb4 Ra3 21. Nd5 Rf7 22. Rfe1 Kg7 23. Ne3 Bd3 24. Bxb7 1/2-1/2

[Event "Petah Tikva Autumn 2"]
[Site "Petah Tikva"]
[Date "2019.11.03"]
[Round "4"]
[White "Aizenberg, Benny"]
[Black "Shinkarev, M."]
[Result "0-1"]
[WhiteElo "2208"]
[BlackElo "2327"]
[PlyCount "78"]
[EventDate "2019.10.23"]
[EventType "tourn"]
[EventRounds "9"]
[EventCountry "ISR"]
[EventCategory "2"]
[SourceTitle "CBM 193 Extra"]
[Source "ChessBase"]
[SourceDate "2020.01.31"]
[SourceVersion "1"]
[SourceVersionDate "2020.01.31"]
[SourceQuality "1"]

1. e4 e5 2. Nf3 Nc6 3. Bb5 a6 4. Ba4 Nf6 5. 0-0 b5 6. Bb3 Be7 7. Re1 d6 8. c3 0-0 9. d4 Bg4 10. d5 Na5 11. Bc2 c6 12. h3 Bh5 13. dxc6 Nxc6 14. Nbd2 Qc7 15. Nf1 Rad8 16. Ng3 Bg6 17. Qe2 Rfe8 18. Nh4 h6 19. Nhf5 Bf8 20. a4 Qb7 21. axb5 axb5 22. b4 d5 23. exd5 Nxd5 24. Qf3 Nxc3 25. Qxc3 Bxb4 26. Qe3 Bxe1 27. Qxe1 Nd4 28. Be4 Qd7 29. Ne3 Bxe4 30. Nxe4 f5 31. Nc5 Qf7 32. Ra6 f4 33. Ng4 Qd5 34. Ba3 h5 35. Nh2 Nc2 36. Qc1 Qd1+ 37. Nf1 Qe2 38. Qb2 Rd1 39. Qb3+ Kh8 0-1

[Event "Petah Tikva Autumn 2"]
[Site "Petah Tikva"]
[Date "2019.10.27"]
[Round "2"]
[White "Kupervaser, Erez"]
[Black "Shinkarev, M."]
[Result "1-0"]
[WhiteElo "2288"]
[BlackElo "2327"]
[PlyCount "101"]
[EventDate "2019.10.23"]
[EventType "tourn"]
[EventRounds "9"]
[EventCountry "ISR"]
[EventCategory "2"]
[SourceTitle "CBM 193 Extra"]
[Source "ChessBase"]
[SourceDate "2020.01.31"]
[SourceVersion "1"]
[SourceVersionDate "2020.01.31"]
[SourceQuality "1"]

1. e4 e5 2. Nf3 d6 3. d4 Nd7 4. Bc4 c6 5. 0-0 b5 6. Bb3 Be7 7. dxe5 dxe5 8. a4 bxa4 9. Bxa4 Qc7 10. Nbd2 Ngf6 11. Nc4 0-0 12. Re1 Re8 13. Bd2 Bf8 14. Bc3 Ba6 15. Bb3 Bxc4 16. Bxc4 h6 17. Nh4 Nb6 18. Ba6 g6 19. Qf3 Nh7 20. Qg4 Nf6 21. Qf3 Nh7 22. Qg3 Nf6 23. Ra5 Nh5 24. Qe3 Bg7 25. Rea1 Nf4 26. Nf3 g5 27. Bf1 Ng6 28. Nd2 Nf8 29. Nc4 Nc8 30. Qg3 Nd7 31. h4 gxh4 32. Qxh4 Nf8 33. Ne3 Ng6 34. Qg4 Nd6 35. Bb4 Nb5 36. Nf5 Nd4 37. Bc5 Ne6 38. Be3 c5 39. Bxh6 Bf6 40. Bc4 a6 41. R5a3 Rad8 42. Rg3 Rd4 43. Nxd4 cxd4 44. b3 Bg7 45. Bxg7 Kxg7 46. Rxa6 Nef4 47. Rf3 d3 48. cxd3 Rh8 49. g3 Qb8 50. gxf4 Qb4 51. Rxg6+ 1-0

[Event "Odessa Region op"]
[Site "Odessa"]
[Date "2003.01.20"]
[Round "11"]
[White "Fingerov, Dmitry"]
[Black "Shinkarev, M."]
[Result "1-0"]
[WhiteElo "2374"]
[BlackElo "2382"]
[PlyCount "48"]
[EventDate "2003.01.09"]
[EventType "swiss"]
[EventRounds "11"]
[EventCountry "UKR"]
[SourceTitle "CBM 092 Extra"]
[Source "ChessBase"]
[SourceDate "2003.03.07"]
[SourceVersion "1"]
[SourceVersionDate "2003.03.07"]
[SourceQuality "1"]

1. Nf3 Nf6 2. c4 c5 3. Nc3 g6 4. d4 cxd4 5. Nxd4 Bg7 6. e4 d6 7. Be2 0-0 8. 0-0 Nc6 9. Be3 Bd7 10. h3 a6 11. Qd2 Re8 12. Rad1 Qb8 13. f4 b5 14. cxb5 Nxd4 15. Bxd4 e5 16. fxe5 dxe5 17. Bc5 Bxb5 18. Bxb5 axb5 19. Qd6 Qc8 20. b4 Ra6 21. Qd3 Ra3 22. Rc1 Qb7 23. Nxb5 Rxa2 24. Nc3 Rb2 1-0

[Event "Odessa Region op"]
[Site "Odessa"]
[Date "2003.01.11"]
[Round "3"]
[White "Shinkarev, M."]
[Black "Miljutin, Oleg"]
[Result "1-0"]
[WhiteElo "2382"]
[BlackElo "2215"]
[PlyCount "65"]
[EventDate "2003.01.09"]
[EventType "swiss"]
[EventRounds "11"]
[EventCountry "UKR"]
[SourceTitle "CBM 092 Extra"]
[Source "ChessBase"]
[SourceDate "2003.03.07"]
[SourceVersion "1"]
[SourceVersionDate "2003.03.07"]
[SourceQuality "1"]

1. e4 c6 2. Nc3 d5 3. Nf3 Bg4 4. h3 Bxf3 5. Qxf3 Nf6 6. d3 e6 7. Bd2 Nbd7 8. g4 h6 9. Qg3 d4 10. Nd1 e5 11. f4 Bd6 12. f5 Qb6 13. a3 c5 14. b3 Qc6 15. a4 Nxe4 16. dxe4 Qxe4+ 17. Kf2 Nf6 18. Bb5+ Kd8 19. Re1 Qxc2 20. Qd3 Qxd3 21. Bxd3 Re8 22. Kf3 a6 23. Nb2 Kd7 24. Nc4 Bc7 25. a5 Re7 26. Rac1 Rc8 27. Be4 Rb8 28. Nb6+ Bxb6 29. axb6 Nxe4 30. Kxe4 Rc8 31. Kd5 Rc6 32. Rxc5 Rxb6 33. Rec1 1-0